000 01140cam a2200301 a 4500
001 000015443
005 20200929164037.0
010 _a2005359228
020 _a8460447138
035 _a(CVcHKB)kb2001070288
040 _aDO-SdBNP
_cspa
_dBNPHU
042 _apcc
082 _a264.023
_bM971m
100 1 _aMuntada Torrellas, Anna.
_934866
245 1 0 _aMisal rico de Cisneros /
_cAnna Muntada Torrellas ; fotografías, Antonio Pareja & Carlos Villasante.
260 _a[Madrid] :
_bReal Fundación de Toledo,
_c[2000].
300 _a204 p., 137 col. plates :
_bcol. ill. ;
_c31 cm.
500 _aIncluye notas.
504 _aIncluye referencias bibliográficas.
500 _aOriginalmente presentado como tesis del autor (doctorado - Universidad Autónoma de Barcelona, 1990).
500 _aIncluye un catálogo de las cualidades físicas y el contenido del Misal Rico
650 4 _aMisales
_934867
610 2 0 _aIGLESIA CATÓLICA
_xLITURGIA
_94857
710 2 _aBiblioteca Nacional (Spain)
_934868
700 1 _aJiménez de Cisneros, Francisco,
_d1436?-1517.
_934869
910 _aCatalogación por copia / LC
049 _aBNPD
999 _c15000
_d15000